Marvel Comics: Members of the Guardians of the Galaxy by Picture - Statistics

General Stats
  • This quiz has been taken 51 times
  • The average score is 28 of 51
Answer Stats
Picture Answer % Correct
Ant-Man
100%
Doctor Doom
95%
Adam Warlock
93%
Captain Marvel
93%
Cosmo the Spacedog
93%
Beta Ray Bill
90%
Cosmic Ghost Rider
90%
Drax the Pacifist
90%
Groot
90%
Iron Man
90%
Rocket Raccoon
90%
Gamora
88%
Nebula
86%
Star-Lord (Kitty Pryde)
86%
Nova (Richard Rider)
83%
Mantis
81%
Drax the Destroyer
79%
The Thing
79%
Lockjaw
76%
Yondu Udonta
76%
Super-Skrull
69%
Agent Venom
67%
Angela
64%
Legendary Star-Lord (Peter Quill)
62%
Quasar (Wendell Vaughn)
57%
Yellowjacket
57%
Gladiator
52%
Hercules
52%
Quasar (Avril Kincaid)
52%
Moondragon of Earth-18897
50%
Moondragon
48%
Marvel Boy
43%
Major Victory
40%
Phyla-Vell
38%
Charlie-27
36%
Bug
33%
The Keeper
33%
Starhawk (Stakar Ogord)
29%
Jack Flag
24%
Starhawk (Aleta Ogord)
24%
Firelord
21%
Irish Wolfhound
21%
Martinex
21%
Hollywood
17%
Krugarr
17%
Talon
17%
Nikki Nicholette Gold
14%
Mainframe
10%
Replica
10%
Geena Drake
5%
Giraud
2%
No matching quizzes found
Score Distribution
Percent of People with Each Score
Percentile by Number Answered
Your Score History
You have not taken this quiz